| 000 | 00746 aa a2200217 4500 | ||
|---|---|---|---|
| 008 | 081020t xxu||||| |||| 00| 0 eng d | ||
| 010 | _aENG-84102 | ||
| 020 | _a8176298913 | ||
| 020 | _c320.00 (hb) | ||
| 035 | _aEN-67635 | ||
| 082 | _a614.5993 | ||
| 100 | _aKumar, R | ||
| 245 |
_aAIDS and sex education in schools / _cby R Kumar and Meenal Kumar |
||
| 260 |
_aNew Delhi _bDeep and Deep Publications |
||
| 260 | _c2006 | ||
| 300 |
_axiv,154p _c22cm |
||
| 500 | _aIncludes index | ||
| 700 |
_aKumar, Meenal _cjt auth |
||
| 942 |
_2ddc _cEN _h614.5993 _m KUM |
||
| 999 |
_c17069 _d17069 |
||